[Event "100th ch-GBR 2013"]
[Site "Torquay ENG"]
[Date "2013.08.02"]
[Round "5.49"]
[White "Owens,M"]
[Black "Moss,Guy"]
[Result "0-1"]
[WhiteElo "1852"]
[BlackElo "2018"]

1.c4 c6 2.Nf3 Nf6 3.g3 d5 4.Bg2 Bf5 5.cxd5 cxd5 6.Qb3 Qd7 7.Ne5 Qc7 8.O-O Nc6
9.Nxc6 bxc6 10.d4 e6 11.Bf4 Bd6 12.Bxd6 Qxd6 13.Rc1 O-O 14.Qa4 Rfc8 15.Nd2 Nd7
16.e4 Nb6 17.Qd1 Bg6 18.b3 Qb4 19.exd5 cxd5 20.Nf3 Bh5 21.Qd2 Qxd2 22.Nxd2 Rxc1+
23.Rxc1 Rc8 24.Rxc8+ Nxc8 25.Bf1 Ne7 26.h3 Nc6 27.g4 Bg6 28.Nf3 Be4 29.Nd2 Bc2
30.Nf3 Bd1 31.Bb5 Nb4 32.a3 Nc2 33.Bd3 Nxa3 34.Nd2 Bc2 35.Ba6 Bg6 36.f4 Nc2
37.Bb7 Bd3 38.Kf2 Bb5 39.Nf3 Kf8 40.f5 Ke7 41.fxe6 fxe6 42.Bc8 h6 43.h4 Kd6
44.g5 hxg5 45.hxg5 Ke7 46.g6 Kf6  0-1

[Event "100th ch-GBR 2013"]
[Site "Torquay ENG"]
[Date "2013.08.02"]
[Round "5.8"]
[White "Zhou,Y"]
[Black "Kolbus,D"]
[Result "1/2-1/2"]
[WhiteElo "2469"]
[BlackElo "2288"]

1.c4 c6 2.Nf3 d5 3.e3 Nf6 4.Nc3 a6 5.b3 g6 6.Bb2 Bg7 7.d4 O-O 8.Bd3 Bg4 9.h3 Bxf3
10.Qxf3 Re8 11.O-O e6 12.Rac1 Nbd7 13.cxd5 exd5 14.Ba3 Nb6 15.Qf4 Re6 16.Rc2 Nh5
17.Qh2 Nf6 18.Qf4 Nh5 19.Qh2 Nf6 20.Bb4 Bf8 21.Bxf8 Kxf8 22.Ne2 Kg7 23.Rfc1 Re8
24.Nf4 Nbd7 25.Qg3 Ne4 26.Bxe4 Rxe4 27.Nd3 Qb8 28.Qxb8 Rxb8 29.b4 Nb6 30.Nc5 Re7
31.a4 Nc4 32.e4 a5 33.Rxc4 dxc4 34.bxa5 Ra8 35.Rxc4 Rxa5 36.Rb4 b5 37.axb5 Rxb5
38.Rc4 Rb1+ 39.Kh2 Rd1 40.f3 Ra7 41.e5  1/2-1/2

[Event "Arad Open 2013"]
[Site "Arad ROU"]
[Date "2013.08.04"]
[Round "3.7"]
[White "Kozhuharov,S"]
[Black "Horvat,Dan"]
[Result "1/2-1/2"]
[WhiteElo "2461"]
[BlackElo "2209"]

1.c4 c6 2.e4 e5 3.Nf3 d6 4.d4 Nd7 5.Nc3 Ngf6 6.Be2 Be7 7.O-O O-O 8.Qc2 a6
9.Rd1 Qc7 10.Be3 Ng4 11.Bd2 Ngf6 12.Rac1 Qb8 13.b4 b5 14.h3 Bb7 15.Qb3 Nb6
16.dxe5 dxe5 17.Be3 Nxc4 18.Bxc4 bxc4 19.Qxc4 a5 20.bxa5 Rxa5 21.Rb1 Qc8
22.a4 Nd7 23.Nd2 Ba6 24.Qa2 Bc5 25.Bxc5 Rxc5 26.Qa3 Qc7 27.Nf3 Rc4 28.Rxd7 Qxd7
29.Nxe5 Qd4 30.Nxc4 Qxc4 31.Qb4 g6 32.Qxc4 Bxc4 33.Rb6 Rc8 34.a5 c5 35.Nd5 Bxd5
36.exd5 c4 37.Rc6 Ra8 38.d6 Kf8 39.d7 Ke7 40.Rc8 Kxd7 41.Rxa8 c3 42.Ra7+ Kd6
43.Ra6+ Kd7 44.Ra7+ Kd6 45.Ra8 Kd7  1/2-1/2

[Event "FSIM August 2013"]
[Site "Budapest HUN"]
[Date "2013.08.04"]
[Round "2.4"]
[White "Resika,N"]
[Black "Nguyen Thi Mai Hung"]
[Result "1/2-1/2"]
[WhiteElo "2234"]
[BlackElo "2225"]

1.c4 c6 2.g3 d5 3.Nf3 Nf6 4.Bg2 Bf5 5.cxd5 cxd5 6.Qb3 Qb6 7.Qxb6 axb6 8.Nc3 e6
9.O-O Nc6 10.d3 Bc5 11.Bf4 h6 12.Nb5 Kd7 13.a3 g5 14.Be5 Be7 15.Bc3 Rhc8
16.Rac1 Bg6 17.Ne5+ Nxe5 18.Bxe5 Ne8 19.Rfd1 Rc5 20.Nc3 Bf6 21.Bxf6 Nxf6
22.Kf1 Rac8 23.Ke1 Ke7 24.Kd2 Nd7 25.b4 R5c6 26.Nb5 f6 27.Rc3 Rxc3 28.Nxc3 Ra8
29.Nb5 Be8 30.Ra1 Rc8 31.Na7 Ra8 32.Nb5 Rc8 33.Na7 Ra8 34.Nb5  1/2-1/2

[Event "Politiken Cup 2013"]
[Site "Helsingor DEN"]
[Date "2013.08.04"]
[Round "10.6"]
[White "Hansen,SuB"]
[Black "Andersen,Mad"]
[Result "1-0"]
[WhiteElo "2549"]
[BlackElo "2477"]

1.c4 c6 2.d4 d5 3.cxd5 cxd5 4.Bf4 Nf6 5.Nc3 Nc6 6.e3 Bf5 7.Qb3 Na5 8.Qa4+ Bd7
9.Qc2 Rc8 10.Bd3 e6 11.Nf3 Be7 12.Ne5 Nc6 13.Qe2 Nxe5 14.Bxe5 O-O 15.O-O Bc6
16.Qf3 Nd7 17.Bf4 f5 18.Qe2 Nf6 19.Rac1 Ne4 20.Nb5 Bxb5 21.Bxb5 Nd6 22.Bd3 Qd7
23.g4 a6 24.Kh1 Ne4 25.gxf5 exf5 26.Rxc8 Rxc8 27.f3 Nf6 28.Be5 Qe6 29.Rg1 g6
30.Qg2 Nd7 31.Qh3 Rf8 32.Bf4 Kh8 33.Bc2 Rg8 34.e4 dxe4 35.fxe4 Qc6 36.Qg2 g5
37.Be3 Rc8 38.Bd3 Qe6 39.e5 Rg8 40.Qxb7 f4 41.Qe4 Qh3 42.Bd2 Rd8 43.Bf1 Qe6
44.Ba5 Rf8 45.Bd3 Qh3 46.Bc3 f3 47.Bf1 Qe6 48.d5 Nf6 49.exf6 Qxe4 50.f7+  1-0

[Event "XX Feria de las Flores 2013"]
[Site "Medellin COL"]
[Date "2013.08.04"]
[Round "3.2"]
[White "Gonzalez Vidal,Y"]
[Black "Mateus,Al"]
[Result "1/2-1/2"]
[WhiteElo "2520"]
[BlackElo "2260"]

1.c4 c6 2.Nf3 d5 3.e3 Nf6 4.Nc3 Nbd7 5.Qc2 a6 6.d4 e6 7.b3 b5 8.Bb2 Bd6 9.Bd3 O-O
10.O-O Qe7 11.Rfe1 h6 12.a3 bxc4 13.bxc4 dxc4 14.Bxc4 c5 15.e4 cxd4 16.e5 Nxe5
17.Nxe5 Bxe5 18.Rxe5 Qc7 19.Qe2 dxc3 20.Bxc3 Bb7 21.Re3 Nd5 22.Be5 Qe7 23.Rb3 f6
24.Bg3 Kh8 25.Rab1 Bc6 26.Bxa6 e5 27.h4 Nc7 28.Bb7 Bxb7 29.Rxb7 Qc5 30.Qg4 Rxa3
31.Qd7 Ne8 32.Kh2 Qd6 33.Rd1 Qxd7 34.Rdxd7 Ra6 35.Rb8 Kg8 36.f4 Nd6 37.Rxf8+ Kxf8
38.fxe5 Nf5 39.exf6 Rxf6  1/2-1/2

[Event "114th US Open"]
[Site "Middleton USA"]
[Date "2013.08.04"]
[Round "9"]
[White "Fedorowicz,J"]
[Black "Holt,C"]
[Result "1/2-1/2"]
[WhiteElo "2439"]
[BlackElo "2530"]

1.c4 c6 2.e4 d5 3.exd5 Nf6 4.d4 cxd5 5.Nc3 e6 6.cxd5 Nxd5 7.Nf3 Nc6 8.Bd3 Bb4
9.Bd2 O-O 10.O-O Be7 11.Nxd5 exd5 12.Qb3 a5 13.h3 a4 14.Qc2 g6 15.a3 Bd7
16.Bc3 Qb6 17.Qd2 Bf6 18.Qf4 Bg7 19.Rfe1 Rac8 20.Rad1 h6 21.Bb1 Qb3 22.Nd2 Qb6
23.Nf3 Qb3 24.Nd2 Qb6 25.Nf3  1/2-1/2

[Event "9th Tabor Open 2013"]
[Site "Tabor CZE"]
[Date "2013.08.04"]
[Round "9.17"]
[White "Wimmer,Mi"]
[Black "Skorepa,Tomas"]
[Result "1-0"]
[WhiteElo "2127"]
[BlackElo "1688"]

1.c4 c6 2.Nf3 d5 3.g3 Nf6 4.Bg2 e6 5.b3 Be7 6.Bb2 O-O 7.O-O b6 8.d3 Bb7 9.Nbd2 c5
10.cxd5 exd5 11.Re1 d4 12.b4 Nbd7 13.bxc5 bxc5 14.Nc4 Nb6 15.Na5 Bd5 16.e4 dxe3
17.fxe3 c4 18.e4 Bb4 19.exd5 Bxa5 20.Re5 Nfxd5 21.Nd4 c3 22.Ba3 Ne3 23.Ne6 Nxd1
24.Nxd8 Raxd8 25.Bxf8 Kxf8 26.Rxa5 Rxd3 27.Rxa7 c2 28.Be4 Re3 29.Bxc2 Re1+
30.Kg2 Re2+ 31.Kf1 Nc3 32.Bb3 Re7 33.Rxe7 Kxe7 34.a4 Ne4 35.Re1  1-0

[Event "Chinese Teams 2013"]
[Site "Wuxi CHN"]
[Date "2013.08.05"]
[Round "10.3"]
[White "Ma Qun"]
[Black "Yu Ruiyuan"]
[Result "1-0"]
[WhiteElo "2600"]
[BlackElo "2554"]

1.c4 c6 2.Nf3 Nf6 3.d4 d5 4.Nc3 dxc4 5.a4 Bf5 6.Ne5 Nbd7 7.Nxc4 Nb6 8.Ne3 Bg6
9.a5 Nbd7 10.g3 e5 11.Bh3 exd4 12.Qxd4 Nc5 13.Qc4 Nfd7 14.O-O Ne5 15.Qa2 f6
16.Rd1 Qc7 17.b4 Bf7 18.Qb1 Nb3 19.Ncd5 cxd5 20.Qxb3 Rd8 21.Bb2 Nc6 22.Nxd5 Bxd5
23.Rxd5 Rxd5 24.Qxd5 Bxb4 25.a6 b6 26.Qe6+ Kf8 27.Rd1  1-0

[Event "22nd Kavala Open 2013"]
[Site "Kavala GRE"]
[Date "2013.08.06"]
[Round "1.3"]
[White "Nevednichy,V"]
[Black "Kostopoulos,E"]
[Result "1-0"]
[WhiteElo "2573"]
[BlackElo "2139"]

1.c4 c6 2.e4 d5 3.exd5 cxd5 4.cxd5 Nf6 5.Nc3 Nxd5 6.Nf3 Nf6 7.d4 g6 8.Bb5+ Nbd7
9.O-O Bg7 10.a4 O-O 11.Re1 a6 12.Bf1 Nb6 13.Qb3 Qd6 14.a5 Nbd5 15.Na4 Be6
16.Nc5 Nc7 17.Nxe6 Nxe6 18.Bc4 Nc7 19.Bg5 Nfd5 20.Bh4 e6 21.Bg3 Qd7 22.Be5 Nb5
23.Red1 Rfd8 24.h4 Rac8 25.Bd3 Na7 26.h5 Nc6 27.hxg6 hxg6 28.Bg3 Qe7 29.Ra4 Bf6
30.Be4 Ndb4 31.Bf4 Rd7 32.Rc1 Rcd8 33.Bd2 Nd5 34.g3 Kg7 35.Kg2 Rh8 36.Bd3 Qd6
37.Be4 Qe7 38.Qc4 Qd6 39.Raa1 Rdd8 40.Rh1 Rxh1 41.Rxh1 Rh8 42.Rxh8 Kxh8 43.Qc1 Qe7
44.Qc4 Qd6 45.b3 Kg7 46.Kf1 Bd8 47.Qa4 Be7 48.Kg2 f5 49.Bd3 Ndb4 50.Bc4 Nc2
51.Bf4 Qb4 52.Bxe6 Qxa4 53.bxa4 N2xd4 54.Nxd4 Nxd4 55.Bc8 Nb3 56.Bxb7 Nc5
57.Bc6 Kf6 58.Bc7 Ke6 59.Kf3 g5 60.Ke3 Bf6 61.Bb6 Kd6 62.Be8 Be5 63.Ba7 Bc3
64.Bg6 Nxa4 65.Bxf5 Bxa5 66.Kf3 Ke5 67.Bd3 Bb6 68.Bb8+ Kf6 69.Bxa6 Nc5 70.Bb5 Ne6
71.Bc4 Nd4+ 72.Kg2 Nc6 73.Bd6 Bd4 74.f3 Ne5 75.Be2 Bc3 76.Bc5 Bb2 77.Bb6 Bc3
78.Kf2 Bb2 79.Bb5 Bc3 80.Ke3 Be1 81.g4 Bc3 82.Bd8+ Kg6 83.Ke4 Bb2 84.Be8+ Kh6
85.Bf6 Nc4 86.Be7 Bc1 87.Bf8+ Kh7 88.Kf5 Bf4 89.Bc6 Nd6+ 90.Kf6 Kh8 91.Kg6 Kg8
92.Bg7  1-0

[Event "3rd Riga Tech Uni Op"]
[Site "Riga LAT"]
[Date "2013.08.06"]
[Round "2.9"]
[White "Miezis,N"]
[Black "Petrosyan,T1"]
[Result "1-0"]
[WhiteElo "2557"]
[BlackElo "2346"]

1.c4 c6 2.e4 d5 3.exd5 cxd5 4.cxd5 Nf6 5.Nc3 Nxd5 6.Nf3 Nc6 7.Bb5 e6 8.O-O Be7
9.Re1 O-O 10.d4 Bd7 11.Qe2 Ncb4 12.Bc4 Nb6 13.Bb3 a5 14.a3 a4 15.Bd1 N4d5
16.Ne5 Rc8 17.Qd3 Qc7 18.Ne4 Nc4 19.Qg3 Kh8 20.Be2 Nd6 21.Nxd6 Bxd6 22.Bd3 Bxe5
23.dxe5 f5 24.exf6 Qxg3 25.hxg3 gxf6 26.g4 Kg7 27.f3 Ne7 28.Bd2 Rfe8 29.Rad1 e5
30.g5 fxg5 31.Rxe5 Kf6 32.Ra5 h6 33.Kf2 Nc6 34.Bc3+ Kf7 35.Rb5 Nd8 36.Rb4 Bc6
37.Rh1 Re6 38.Bc4 Kg6 39.Bxe6 Nxe6 40.Re1 Nf4 41.Rd4 Nd5 42.Re6+ Kh7 43.Rd1 h5
44.Bd2 Rg8 45.Rh1 h4 46.Re5  1-0

[Event "100th ch-GBR 2013"]
[Site "Torquay ENG"]
[Date "2013.08.06"]
[Round "8.20"]
[White "Kolbus,D"]
[Black "Batchelor,Peter J"]
[Result "1-0"]
[WhiteElo "2288"]
[BlackElo "2118"]

1.c4 c6 2.Nf3 d5 3.e3 g6 4.Nc3 Bg7 5.d4 Nf6 6.Bd3 O-O 7.O-O a5 8.Qe2 dxc4
9.Bxc4 b5 10.Bd3 b4 11.Na4 Ba6 12.e4 Bxd3 13.Qxd3 Na6 14.Bg5 Qb8 15.Bxf6 exf6
16.Rac1 Qb5 17.Qxb5 cxb5 18.Nb6 Rad8 19.b3 Rfe8 20.Rfe1 Bh6 21.Rc2 Kg7 22.Kf1 Rb8
23.Nd5 Rbc8 24.Rxc8 Rxc8 25.g4 Nc7 26.Ne7 Re8 27.Nc6 Bf4 28.Re2 Re6 29.Nxa5 Na6
30.h4 Bc7 31.d5 Re8 32.Nc6 Nc5 33.Nfd4 Nxe4 34.Nxb5 Bf4 35.Kg2 Bc1 36.f3 Nd6
37.Rxe8 Nxe8 38.d6  1-0

[Event "XI Miguel Najdorf Open A 2013"]
[Site "Warsaw POL"]
[Date "2013.08.06"]
[Round "2.23"]
[White "Liberadzki,S"]
[Black "Piotrowski,A"]
[Result "1/2-1/2"]
[WhiteElo "2088"]
[BlackElo "1963"]

1.c4 c6 2.Nc3 d5 3.e4 d4 4.Nce2 c5 5.d3 Nc6 6.f4 e5 7.g3 Bd6 8.Nf3 Nge7 9.Bg2 Bd7
10.O-O Qc7 11.Kh1 a5 12.fxe5 Nxe5 13.Nxe5 Bxe5 14.Nf4 O-O 15.Nd5 Nxd5 16.exd5 Qc8
17.Bf4 Re8 18.Qf3 Bg4 19.Qf2 f6 20.Rfe1 Qc7 21.Bxe5 Rxe5 22.Rxe5 Qxe5 23.Re1 Qd6
24.Bf3 Bd7 25.Bh5 g6 26.Bf3 Re8 27.Rxe8+ Bxe8 28.Qe2 Kf7 29.Kg2 b5 30.Qd2 b4
31.Qh6 Kg8 32.h4 Qe5 33.h5 Bf7 34.hxg6 Bxg6 35.Bg4 f5 36.Bh5  1/2-1/2

[Event "2nd Washington Int"]
[Site "Rockville USA"]
[Date "2013.08.07"]
[Round "4.2"]
[White "Kekelidze,M"]
[Black "Enkhbat,T1"]
[Result "1-0"]
[WhiteElo "2470"]
[BlackElo "2417"]

1.c4 c6 2.Nf3 d5 3.d4 Nf6 4.e3 Bf5 5.Nc3 e6 6.Bd3 Bxd3 7.Qxd3 Nbd7 8.O-O Be7
9.e4 dxe4 10.Nxe4 Nxe4 11.Qxe4 O-O 12.Bf4 Nf6 13.Qe2 Qa5 14.Rfd1 Qf5 15.Bg3 Rfd8
16.Rd3 Nh5 17.Rad1 Nxg3 18.hxg3 Bf6 19.Ne5 h5 20.g4 hxg4 21.Nxg4 Rd6 22.Nxf6+ Qxf6
23.Qe5 Rad8 24.Qxf6 gxf6 25.Kf1 Kf8 26.Ke2 Ke7 27.Ke3 f5 28.R1d2 R6d7 29.f3 Kf6
30.a4 a5 31.Rb3 Ke7 32.d5 exd5 33.cxd5 cxd5 34.Rb5 Ke6 35.Rxa5 Rc8 36.Rb5 Rc4
37.Rd4 Rc2 38.Rb6+ Ke7 39.Rdb4 Rcc7 40.g3 Kd8 41.Rf6 Rc5 42.Kd3 Rc1 43.Rxf5 Rd1+
44.Kc2 Rg1 45.Rd4 Rg2+ 46.Kd3 Rxb2 47.Rfxd5 Rxd5 48.Rxd5+ Ke8 49.Rb5 Ra2
50.Rb4 Ra3+ 51.Ke4 Kf8 52.g4 Kg7 53.f4 Rc3 54.Kd5 Rc7 55.Kd6 Rc6+ 56.Kd7 Rc5
57.Kd6 Rc6+ 58.Kd5 Rf6 59.g5 Ra6 60.Kc5 Rc6+ 61.Kb5 Kg6 62.Rd4 Rc1 63.Rd6+ Kg7
64.f5 Rb1+ 65.Ka5 Rc1 66.Rb6 Rg1 67.Rxb7 Rxg5 68.Rb5 Rg4 69.Rc5 Kf6 70.Kb5 Rg1
71.a5 Rb1+ 72.Kc6  1-0

[Event "FSIM August 2013"]
[Site "Budapest HUN"]
[Date "2013.08.08"]
[Round "6.6"]
[White "Von Bahr,O"]
[Black "Nguyen Thi Mai Hung"]
[Result "1/2-1/2"]
[WhiteElo "2311"]
[BlackElo "2225"]

1.c4 c6 2.g3 d5 3.Nf3 Nf6 4.Bg2 Bf5 5.cxd5 cxd5 6.Qb3 Qb6 7.Nc3 Qxb3 8.axb3 Nc6
9.d3 e6 10.O-O Be7 11.Be3 O-O 12.Nd4 Nxd4 13.Bxd4 a6 14.e4 Bg6 15.exd5 Nxd5
16.Nxd5 exd5 17.Rfe1 Rfe8 18.Bb6 Bf6 19.Bxd5 Bxd3 20.Bxb7 Rxe1+ 21.Rxe1 Rf8
22.Bd5 Bb5 23.Bc4 Bxb2 24.Bxb5 axb5 25.Re7 f6 26.Bc5 Rb8 27.b4 f5 28.Kg2 h6
29.Kf3 Kh7 30.Ba7 Rd8 31.Rb7 Rd3+ 32.Ke2 Rd5 33.Bc5 Bc3 34.h3 h5 35.Kf3 Bd2
36.Rb6 Bc3 37.Kg2 Bd2 38.Kf3 Bc3 39.Rb8 Bd2 40.Rb7 Bc3 41.Rb6 Bd2 42.Ke2 Bc3
43.f3 Rd2+ 44.Ke3 Rd5 45.g4 Bd2+ 46.Ke2 fxg4 47.fxg4 hxg4 48.hxg4 Bc3 49.Ke3 Rg5
50.Kf3 Rd5 51.Rb7 Bd2 52.Rxb5 Bxb4 53.Rxb4 Rxc5  1/2-1/2

[Event "100th ch-GBR 2013"]
[Site "Torquay ENG"]
[Date "2013.08.08"]
[Round "10.14"]
[White "Kolbus,D"]
[Black "Wadsworth,Matthew J"]
[Result "1/2-1/2"]
[WhiteElo "2288"]
[BlackElo "2136"]

1.c4 c6 2.Nf3 Nf6 3.b3 d5 4.Bb2 Bg4 5.Ne5 Bh5 6.g3 e6 7.Bg2 Bd6 8.O-O O-O
9.d4 Nbd7 10.Nd3 Qe7 11.Nd2 a5 12.a3 b6 13.Nf3 Rac8 14.Qc2 Rfd8 15.Rfc1 Bg6
16.Qd1 Bxd3 17.Qxd3 e5 18.dxe5 Nxe5 19.Nxe5 Bxe5 20.Bxe5 Qxe5 21.cxd5 Nxd5
22.Qc4 g6 23.Bf3 Ne7 24.Qe4 Qxe4 25.Bxe4 Rd4 26.Bd3 h5 27.Rc4 Rcd8 28.Rac1 Kg7
29.Kg2 Kf6 30.R4c3 R8d7 31.h4 Kg7 32.Rc4 Kf6 33.R1c3 b5 34.Rc5 R7d5 35.Rxd5 Rxd5
36.Be4 Rd6 37.Kf3 Ke6 38.Rc5 Kd7 39.a4 f5 40.Bd3 bxa4 41.Rxa5 axb3 42.Ra3 Ke6
43.Rxb3 Rd7 44.Bc4+ Kf6 45.Rb8 Kg7 46.Re8 Nd5 47.Re6 Rc7 48.Bxd5 cxd5 49.Rd6 Rc3+
50.e3 Rc5 51.Kf4 Rc4+ 52.Ke5 Rc2 53.f3 Rc3 54.Kf4 Rd3 55.Rb6 Kf7 56.Ra6 Rb3
57.Ra7+ Kf6 58.Ra6+  1/2-1/2

[Event "TCh-ESP CECLUB Div2"]
[Site "Ciudad Real ESP"]
[Date "2013.08.11"]
[Round "6.2"]
[White "Perez Mauricio,X"]
[Black "Bestard Borras,M"]
[Result "1-0"]
[WhiteElo "2200"]
[BlackElo "2162"]

1.c4 c6 2.Nf3 d5 3.d4 Nf6 4.e3 Bf5 5.Nc3 e6 6.Nh4 Bg6 7.Be2 Nbd7 8.g3 dxc4
9.Nxg6 hxg6 10.Bxc4 Be7 11.O-O Qa5 12.Bd2 Qf5 13.f3 Nb6 14.Bb3 O-O-O 15.Qe2 c5
16.Rac1 Kb8 17.e4 Qh5 18.Bf4+ Ka8 19.g4 Qh3 20.Nb5 a6 21.dxc5 Nbd7 22.c6 Nc5
23.Nc7+ Ka7 24.Be3 Kb6 25.cxb7 Kxc7 26.Bxc5 Bxc5+ 27.Rxc5+ Kxb7 28.Rfc1 Rc8
29.Rxc8 Rxc8 30.Rxc8 Kxc8 31.Qxa6+ Kc7 32.Qa7+ Kd6 33.Qb6+ Ke5 34.Qc7+ Kd4
35.Qc3+  1-0

[Event "XXIV Jozefa Kochana Mem"]
[Site "Koszalin POL"]
[Date "2013.08.11"]
[Round "3.29"]
[White "Grzesik,Gracjan"]
[Black "Leszczewska,Aneta"]
[Result "1-0"]
[WhiteElo "1446"]
[BlackElo "1115"]

1.c4 c6 2.g3 d5 3.cxd5 cxd5 4.Bg2 e6 5.d3 h6 6.Bd2 Bc5 7.e3 Nf6 8.Ne2 O-O
9.O-O e5 10.Bc3 d4 11.exd4 exd4 12.Bd2 Nc6 13.Qc2 Nd7 14.a3 Ne7 15.b4 Bb6
16.a4 a5 17.b5 Nf6 18.Na3 Ned5 19.Nc4 Bf5 20.Nf4 Nxf4 21.Bxf4 Ra7 22.Rfe1 Bc7
23.Bxc7 Qxc7 24.b6 Qb8 25.bxa7 Qxa7 26.Re5 Bg6 27.Rxa5 Qb8 28.Rb5 Qd8 29.Rxb7 Re8
30.a5 Bf5 31.a6 Kh7 32.a7 Qc8 33.a8=Q Qxa8 34.Rxa8 Rxa8 35.h3 Ra1+ 36.Kh2 Be6
37.Qb2 Ra6 38.Qxd4  1-0

[Event "Razuvaev Memorial"]
[Site "Rockville USA"]
[Date "2013.08.11"]
[Round "4.4"]
[White "Tukmakov,V"]
[Black "Sedina,E"]
[Result "1-0"]
[WhiteElo "2545"]
[BlackElo "2311"]

1.c4 c6 2.Nc3 d5 3.d4 Nf6 4.e3 a6 5.Nf3 Bf5 6.Be2 e6 7.Nh4 Be4 8.O-O Bd6
9.Nxe4 dxe4 10.f4 Nbd7 11.b3 h6 12.g3 Qe7 13.a3 a5 14.Bb2 O-O 15.Kh1 Rfb8
16.Qc2 c5 17.a4 Rd8 18.Rad1 Rac8 19.d5 b6 20.dxe6 Qxe6 21.g4 Bb8 22.Nf5 Ne8
23.Ng3 Ndf6 24.Qc3 Rxd1 25.Bxd1 Rd8 26.Be2 Qd7 27.Kg2 Qd2 28.h3 Qd6 29.Rd1 Qc7
30.Nf5 Rxd1 31.Bxd1 Qd7 32.Bc2 h5 33.Nxg7 hxg4 34.Nxe8 gxh3+ 35.Kh1  1-0

[Event "22nd ZMDI Open 2013"]
[Site "Dresden GER"]
[Date "2013.08.12"]
[Round "3.8"]
[White "Donchenko,An"]
[Black "Bluebaum,M"]
[Result "1/2-1/2"]
[WhiteElo "2364"]
[BlackElo "2513"]

1.c4 c6 2.e4 d5 3.exd5 cxd5 4.d4 Nf6 5.Nc3 Nc6 6.Nf3 Bg4 7.cxd5 Nxd5 8.Qb3 Bxf3
9.gxf3 e6 10.Qxb7 Nxd4 11.Bb5+ Nxb5 12.Qc6+ Ke7 13.Qxb5 Rc8 14.Nxd5+ Qxd5
15.Bg5+ f6 16.Qxd5 exd5 17.Be3 a6 18.Kd2 Ke6 19.Rac1 Bd6 20.Kd3 Kf5 21.h3 Be5  1/2-1/2

[Event "22nd ZMDI Open 2013"]
[Site "Dresden GER"]
[Date "2013.08.12"]
[Round "3.44"]
[White "Hansch,Ka"]
[Black "Peil,C"]
[Result "1-0"]
[WhiteElo "2141"]
[BlackElo "2015"]

1.c4 c6 2.g3 d5 3.Bg2 Nf6 4.Nf3 dxc4 5.O-O b5 6.a4 Bb7 7.b3 cxb3 8.Qxb3 a6
9.Ba3 e6 10.Bxf8 Kxf8 11.Nc3 Nbd7 12.Nd4 Qb6 13.axb5 cxb5 14.Ndxb5 Bxg2 15.Qa3+ Qc5
16.Kxg2 Ke7 17.Nd4 Rhc8 18.Rfb1 Qxa3 19.Rxa3 Nc5 20.Na4 Nfd7 21.Nxc5 Nxc5
22.Rba1 f6 23.d3 Rab8 24.Rc1 Rc7 25.Nb3 Rbc8 26.Nxc5 Rxc5 27.Rxc5 Rxc5 28.Rxa6 f5
29.Kf3 Kf6 30.d4 Rd5 31.e3 g5 32.Rc6 Rd7 33.g4 Rd5 34.Kg3 h6 35.gxf5 Kxf5
36.Rc5 Ke4 37.Rxd5 exd5 38.Kg4 Kd3 39.Kf5 Ke2 40.e4 dxe4 41.Kxe4 Kxf2 42.d5  1-0

[Event "XXIV Jozefa Kochana Mem"]
[Site "Koszalin POL"]
[Date "2013.08.13"]
[Round "5.15"]
[White "Grzesik,Gracjan"]
[Black "Bilczewski,Kacper"]
[Result "0-1"]
[WhiteElo "1446"]
[BlackElo "1807"]

1.c4 c6 2.g3 d5 3.cxd5 cxd5 4.Bg2 Nf6 5.d3 e6 6.e3 Be7 7.Ne2 O-O 8.O-O Nc6
9.Nbc3 e5 10.f4 exf4 11.Nxf4 d4 12.Nce2 dxe3 13.Bxe3 Ng4 14.Bc1 Bc5+ 15.d4 Nxd4
16.Kh1 Nxe2 17.Qxe2 Qd4 18.Bf3 Nf6 19.Rd1 Qf2 20.Qxf2 Bxf2 21.Bd2 Bg4 22.Bxg4 Nxg4
23.Kg2 Bd4 24.h3 Nf6 25.Bb4 Rfd8 26.Rab1 Be5 27.Nd3 Bd6 28.Nc5 Bxc5 29.Bxc5 Ne4
30.Rxd8+ Rxd8 31.Bxa7 Ra8 32.Rc1 h6 33.Bd4 Rxa2 34.Rc7 b5 35.Rb7 Ra5 36.b4 Ra2+
37.Kf3 Ng5+ 38.Kg4 Re2 39.Bc5 g6 40.Rb8+ Kh7 41.Kh4 Nf3+ 42.Kg4 Ng5 43.Kh4 Re4+
44.g4 Rf4 45.Kg3 Rc4 46.Rxb5 Rc3+ 47.Kg2 Nxh3 48.Rb8 Nf4+ 49.Kh2 Ne6 50.Be7 Kg7
51.Bd6 Kf6 52.Rb5 Rb3 53.Rb7 Nd4 54.Bc5 Ne6 55.Bd6 g5 56.b5 Nd4 57.b6 Ke6
58.Bc5 Nc6 59.Rc7 Kd5 60.Bg1 f6 61.Rh7 Ne5 62.Kg2 Nxg4 63.Rc7 Ne3+ 64.Bxe3 Rxe3
65.b7 Rb3 66.Rh7 h5 67.Rxh5 Rxb7 68.Rh6 Ke5 69.Rh3 Rb2+ 70.Kf1 g4 71.Rh4 Kf4
72.Rh6 f5 73.Rc6 g3 74.Rc4+ Kf3 75.Rc3+ Kg4 76.Rc8 f4 77.Rc4 g2+ 78.Kg1 Kg3
79.Rc3+ f3 80.Rc2 Rb1+ 81.Rc1 Rxc1+  0-1

[Event "21st Poznan Open"]
[Site "Poznan POL"]
[Date "2013.08.13"]
[Round "8.25"]
[White "Okonek,Wojciech"]
[Black "Niemier,Hubert"]
[Result "1-0"]
[WhiteElo "1583"]
[BlackElo "1397"]

1.c4 c6 2.e4 e6 3.Nc3 Ne7 4.d4 d5 5.exd5 exd5 6.Nf3 Be6 7.c5 g6 8.Bd3 Bf5
9.O-O Bxd3 10.Qxd3 Bg7 11.b4 O-O 12.b5 Nd7 13.Rb1 Nf6 14.Bf4 Nf5 15.Be5 Nh5
16.Bxg7 Nhxg7 17.bxc6 bxc6 18.Qa6 Qc8 19.Qxc8 Rfxc8 20.g4 Ne7 21.Rb7 Kf8
22.Re1 Ne6 23.Ng5 Nxg5 24.Rexe7 Rcb8 25.Rbc7 Rc8 26.Kg2 Rxc7 27.Rxc7 Ne6
28.Rxc6 Nxd4 29.Rd6 Ne6 30.Nxd5 Nxc5 31.Rc6 Ne6 32.Ra6 Nc5 33.Ra3 a5 34.Rc3 Ne6
35.Nc7 Nxc7 36.Rxc7 a4 37.a3 Ra5 38.f3 g5 39.Kg3 h6 40.Rb7 Kg7 41.h4 Kg6
42.h5+ Kg7 43.Rb4 Ra6 44.Rb5 Ra7 45.Kf2 Ra6 46.Rb4 Kf6 47.Ke3 Ke5 48.Rb5+ Ke6
49.Kd3 Kd6 50.Rf5 Ke6 51.Kc4 Rb6 52.Rb5 Rxb5 53.Kxb5 Ke5 54.Kxa4 Kf4 55.Kb4 Kxf3
56.a4 Kxg4 57.a5 f5 58.a6 f4 59.a7 f3 60.a8=Q Kg3 61.Qa1  1-0

[Event "FIDE World Cup 2013"]
[Site "Tromso NOR"]
[Date "2013.08.13"]
[Round "1.9"]
[White "Tomashevsky,E"]
[Black "Ramirez,Alej"]
[Result "1-0"]
[WhiteElo "2706"]
[BlackElo "2588"]

1.c4 c6 2.Nf3 d5 3.e3 Nf6 4.Nc3 g6 5.d4 Bg7 6.Be2 O-O 7.O-O e6 8.b3 Nbd7
9.Bb2 b6 10.Qc2 Bb7 11.Rad1 Qc7 12.Rfe1 Rfe8 13.Bd3 a6 14.Qe2 c5 15.cxd5 exd5
16.Rc1 cxd4 17.Nxd4 Nc5 18.Red1 Qd7 19.h3 Nfe4 20.Bb1 Rad8 21.b4 Ne6 22.Nxe4 dxe4
23.Nf5 Qxd1+ 24.Rxd1 Rxd1+ 25.Qxd1 Bxb2 26.Nd6 Rd8 27.Qb3 Rxd6 28.Qxb2 Bc6
29.Kh2 Rd8 30.a3 h5 31.h4 b5 32.Qc3 Bb7 33.Ba2 Re8 34.Qe5 Kf8 35.Qd6+ Kg7
36.Qd7  1-0

[Event "88th ch-FRA 2013"]
[Site "Nancy FRA"]
[Date "2013.08.14"]
[Round "4.6"]
[White "Apicella,M"]
[Black "Sebag,M"]
[Result "0-1"]
[WhiteElo "2512"]
[BlackElo "2527"]

1.c4 c6 2.Nf3 d5 3.b3 Bg4 4.Bb2 Nd7 5.d3 Ngf6 6.Nbd2 e6 7.g3 Bd6 8.Bg2 O-O
9.O-O a5 10.a3 Re8 11.h3 Bh5 12.Qc2 h6 13.e4 dxe4 14.dxe4 e5 15.Nh4 Bf8 16.Rfe1 Nc5
17.Bf1 Qc7 18.Bc3 Ne6 19.Qb2 Nd4 20.Nf5 c5 21.Ne3 Qd7 22.Nd5 Qc6 23.a4 Bg6
24.Bg2 Bh5 25.Kh2 Qd6 26.Re3 g5 27.Nf1 Bg7 28.f3 Bg6 29.Ree1 Nxd5 30.cxd5 f5
31.g4 fxe4 32.fxe4 Rf8 33.Ng3 Nf3+ 34.Bxf3 Rxf3 35.Nf5 Bxf5 36.gxf5 g4 37.Kg2 Qf6
38.hxg4 Rf4 39.Kh3 h5 40.Re3 Rxg4 41.Qf2 Kf7 42.Rg1 Bh6 43.Re2 Bf4 44.Bd2 Qg5
45.Bxf4 exf4 46.Ree1 Rg8 47.Rxg4 Qxg4+ 48.Kh2 f3 49.Rg1 Qf4+ 50.Kh3 Rg4 51.d6 Ke8
52.f6 Kd7 53.f7 Rxg1 54.Qxg1 Qxf7 55.Qf1 Qe6+ 56.Kg3 Qxd6+ 57.Kf2 Qd4+ 58.Kg3 Qxe4
59.Qb5+ Qc6 60.Qc4 Kc8 61.Qg8+ Kc7 62.Qf7+ Kb6 63.Qf8 Ka7 64.Qd8 Qb6 65.Qd5 Qg6+
66.Kf2 Qg2+ 67.Ke3 Qe2+ 68.Kf4 f2 69.Qxc5+ Ka6  0-1

[Event "24th ch-NATO 2013"]
[Site "Rynia POL"]
[Date "2013.08.14"]
[Round "4.2"]
[White "Vuitton,G"]
[Black "Jauk,W"]
[Result "1/2-1/2"]
[WhiteElo "2093"]
[BlackElo "2172"]

1.c4 c6 2.Nf3 Nf6 3.Nc3 d5 4.e3 e6 5.b3 Nbd7 6.Qc2 Be7 7.Bb2 O-O 8.Rg1 Re8
9.g4 Nf8 10.g5 N6d7 11.h4 Qa5 12.a3 dxc4 13.Bxc4 Qf5 14.Qxf5 exf5 15.h5 g6
16.hxg6 Nxg6 17.Nd4 Nde5 18.Be2 Be6 19.f4 Nd7 20.Nxe6 fxe6 21.Bc4 Bf8 22.Rh1 Nb6
23.Bd3 Rad8 24.Bc2 Bg7 25.O-O-O Nd5  1/2-1/2

[Event "24th ch-NATO 2013"]
[Site "Rynia POL"]
[Date "2013.08.14"]
[Round "5.5"]
[White "Pedersen,F"]
[Black "Fichtner,E"]
[Result "1-0"]
[WhiteElo "2303"]
[BlackElo "2018"]

1.c4 c6 2.d4 d5 3.cxd5 cxd5 4.Nc3 Nf6 5.Bf4 Nc6 6.e3 e6 7.Bd3 Be7 8.h3 O-O
9.Nf3 Bd7 10.O-O Nh5 11.Bh2 f5 12.Ne5 Nf6 13.Rc1 Rc8 14.a3 a6 15.b4 b5 16.Qb3 Ne4
17.Bxe4 fxe4 18.Nxd5 Nxe5 19.Nxe7+ Qxe7 20.Bxe5 Rxc1 21.Rxc1 Rc8 22.Rxc8+ Bxc8
23.d5 Qd7 24.d6 Bb7 25.Qc3 g6 26.Bf4 h5 27.Qf6 Kh7 28.Be5 Qd8  1-0

[Event "3rd Split Open 2013"]
[Site "Split CRO"]
[Date "2013.08.14"]
[Round "5.7"]
[White "Saric,A"]
[Black "Blazeka,M"]
[Result "0-1"]
[WhiteElo "2565"]
[BlackElo "2282"]

1.c4 c6 2.d4 d5 3.Nf3 Nf6 4.Qc2 e6 5.g3 dxc4 6.Qxc4 b5 7.Qc2 Bb7 8.Bg2 Nbd7
9.Ne5 Qb6 10.Nxd7 Nxd7 11.Be3 c5 12.Bxb7 Qxb7 13.O-O cxd4 14.Bxd4 Rc8 15.Nc3 b4
16.Qe4 Qxe4 17.Nxe4 Rc4 18.Rfd1 e5 19.Bxa7 Rxe4 20.Rac1 Rxe2 21.Rc7 Nf6 22.Bb6 Ne4
23.Rd5 Bd6 24.Rc8+ Kd7 25.Rxh8 Kc6 26.Rxd6+ Nxd6 27.Ba5 Rxb2 28.Rxh7 Nb7
29.Bxb4 Rxb4 30.Rxg7 Nd6 31.h4 Rb8 32.Rg4 Kd5 33.Ra4 f6 34.Ra5+ Ke6 35.Ra6 Rd8
36.Kg2 e4 37.Kf1 Ke5 38.Ra5+ Kd4 39.Ra6 f5 40.Ke2 Nc4 41.Rf6 Nd6 42.g4 fxg4
43.Rg6 Ke5 44.Rxg4 Ra8 45.Kf1 Rxa2 46.Rg8 Nf5 47.h5 Kf4 48.Rf8 Ra6 49.Rh8 Rh6
50.Rf8 Rxh5 51.Ke2 Rh6 52.Rf7 Ra6 53.Rf8 Ra2+ 54.Ke1 Kg4 55.Kf1 Kg5 56.Kg1 Nd4
57.Kf1 Ne6 58.Rf7 Nf4 59.Kg1 Kg4 60.Rg7+ Kf5 61.Rf7+ Kg5 62.Rf8 Ra1+ 63.Kh2 Kg4
64.Rg8+ Kf3 65.Rg3+ Kxf2 66.Rf3+ Ke1 67.Re3+ Kf2 68.Rf3+ Ke2 69.Rxf4 e3 70.Rb4 Kf3
71.Rb3 Kf2  0-1